01214nam a22001697a 4500003000400000005001700004008004100021020001800062040000800080041001200088100002600100245009000126260003700216520074700253650001701000650002701017OSt20251007152133.0251007b |||||||| |||| 00| 0 eng d a9780670089840 ctbs aEnglish aChakraborty, Indranil aStories at workb: Unlock the Secret to Business Storytellingc/ Indranil Chakraborty aPenguin Random House Indiac2018 aIs there a way to share messages that stay with people for days? To influence others without overwhelming them with data and analysis? To drive real change within an organisation? The answer lies in storytelling. Storytelling in business differs from casual anecdotes told among friends — it must be grounded in truth and purpose. Stories at Work shows you how to frame your stories with context and deliver them in a way that captures your audience’s attention. Through its tools, techniques, and clear structures, this book helps you harness the power of storytelling in everyday business communication. You’ll learn how to connect, engage, and inspire — ensuring that what you share leaves a lasting impression on every listener. 0aStorytelling 0aBusiness communication